Statistics for Superman villains

Click here to take the quiz!

General Stats

  • This quiz has been taken 52 times
  • The average score is 10 of 15

Answer Stats

HintAnswer% Correct
Archvillain - bald entrepeneurLex Luthor
100%
Opposite, imperfect versionBizarro
87%
Green radioactive mineral from his home planetKryptonite
87%
Smart computer, let Krypton be destroyedBrainiac
85%
General who rebelsGeneral Zod
85%
Omega rays come from his eyesDarkseid
83%
Metal figure, carrier of aboveMetallo
76%
Cyborg impostor, evil versionCyborg Superman
76%
Grey, motorcycle, rock culture loverLobo
72%
Energy, power and knowledge absorberParasite
63%
Female electric beingLivewire
54%
Half him, half BatmanComposite Superman
43%
Another impostor, plastic glasses, later ally and saviorThe Eradicator
37%
Another Kryptonian rebelJax-Ur
35%
Ally of the aboveGranny Goodness
26%

Score Distribution

Percentile by Number Answered

Percent of People with Each Score

Your Score History

You have not taken this quiz